000 02068nam a2200313 i 4500
001 768714001
003 CO-MdFUSB
005 20220218104514.0
007 ta
008 220218t2014 ck ac||| |||| 00| 0 spa d
020 _a9789585842717
040 _aCO-MdFUSB
_bspa
_cCO-MdFUSB
_dCO-MdFUSBC
_erda
041 _aspa
082 _223
_a341.481
_bM672
100 _eautor
245 1 _aDerechos humanos en perspectiva :
_bel sistema interamericano de derechos humanos y sus mecanismos de protección.
_c/ Luz Elena Mira Olano; editado por José Saúl Trujillo González
264 1 _aColombia :
_bUnisabaneta,
_c[2014]
264 4 _c© 2014
300 _a188 páginas
_c; 23 cm
336 _2rdacontent
_atexto
_btxt
337 _2rdamedia
_asin mediación
_bn
338 _2rdacarrier
_avolumen
_bnc
505 _tProtección constitucional de los derechos sociales. Implementación de instrumentos internacionales en las decisiones de la Corte Constitucional.
_r/ Hernán Darío Martínez Hincapié.
_tPleito pendiente internacional ante la Comisión Interamericana.
_r/ Andrés González Serrano.
_tProtección a la familia en el marco del Sistema Interamericano de Derechos Humanos.
_r/ Luz Elena Mira Olano, Lina Marcela Acevedo Correa.
_tMedidas cautelares en los casos colombianos.
_r/Jesús Eduardo Sanabria Moyano.
_tLa importancia de os peritajes psicosociales en la reparación integral d e las victimas de violaciones a los DDHH: una mirada a los cados de tortura en el sistema regional de protección.
_r/ Carolina Rodríguez Bejarano.
_tLa vulnerabilidad de los periodistas y su protección en el ámbito interamericano.
_r/ Juan Pablo Morales Calle.
_tLa detención preventiva y su aplicación desde el Derecho Internacional de los Derechos Humanos.
_r/ Daniel Fernando Montoya Hincapié.
_tEl derecho de los niños en la jurisprudencia de la Corte Interamericana DDHH
_r/ Ana María Romero Martínez
563 _aRústico
650 7 _9296
_aDerechos humanos
700 _96227
_aTrujillo González, José Saúl,
_eeditor
942 _cBK
945 _aJTF-925
999 _c67259
_d67259